Cities with Light Rail Systems (LRT) in North America - Statistics

General Stats
  • This quiz has been taken 169 times
  • The average score is 34 of 46
Answer Stats
Daily Ridership City / System % Correct
204,000 Boston
97%
219,900 Los Angeles
96%
74,400 Seattle / Tacoma (Link)
96%
2,200 Seattle (Streetcar)
95%
98,700 Dallas (DART)
93%
n/a Dallas (Streetcar)
93%
119,700 Portland (MAX)
93%
20,011 Portland (Streetcar)
93%
13,800 San Francisco (Cable Car)
93%
162,500 San Francisco (Muni)
93%
61,100 Houston
89%
80,100 Philadelphia
89%
n/a Atlanta
84%
112,100 San Diego
83%
48,900 Phoenix
82%
740 Washington DC
82%
75,900 Denver
81%
7,613 Cleveland
80%
41,400 St. Louis
80%
23,900 Baltimore
79%
287,800 Toronto
77%
20,400 New Orleans
75%
740 Detroit
74%
1129 Kansas City
74%
71,900 Minneapolis
74%
700 Tampa
74%
299,300 Calgary
72%
1,500 Charlotte (CityLynx)
71%
16,900 Charlotte (Lynx)
71%
n/a Pittsburgh
71%
26,900 San Jose
71%
16,900 Buffalo
68%
317 Cincinnati
68%
112,531 Edmonton
68%
18,505 Newark
68%
37,800 Sacramento
68%
63,000 Salt Lake City
65%
16,900 Ottawa
63%
n/a Memphis
61%
96,054 Mexico City
61%
269,230 Guadalajara
53%
54,434 Jersey City
50%
4,000 Tucson
46%
5,800 Norfolk
41%
9,014 Trenton / Camden
36%
9,200 Oceanside
13%
No matching quizzes found
Score Distribution
Percent of People with Each Score
Percentile by Number Answered
Your Score History
You have not taken this quiz